| Record ID | ia:newintroductiont0000flin |
| Source | Internet Archive |
| Download MARC XML | https://archive.org/download/newintroductiont0000flin/newintroductiont0000flin_marc.xml |
| Download MARC binary | https://www.archive.org/download/newintroductiont0000flin/newintroductiont0000flin_meta.mrc |
LEADER: 01457cam 2200457Ma 4500
001 ocm58998953
003 OCoLC
005 20200612224255.0
008 050322s2005 enkab d 000 0 eng
040 $aUKM$beng$cUKM$dOCLCF$dOCLCO$dOCLCQ$dOCL$dOCLCQ$dUKMGB
015 $aGBA528799$2bnb
016 7 $a013169994$2Uk
020 $a0340886749$q(pbk.)
020 $a9780340886748$q(pbk.)
035 $a(OCoLC)58998953
082 04 $a910$222
100 1 $aFlinders, Keith.
245 12 $aA new introduction to geography for OCR GCSE specification A /$cKeith Flinders, John Belfield and Emma Gobourne.
250 $aFoundation ed.
260 $aLondon :$bHodder Murray,$c2005.
300 $a240 pages :$billustrations, maps
336 $atext$btxt$2rdacontent
337 $aunmediated$bn$2rdamedia
338 $avolume$bnc$2rdacarrier
650 0 $aGeography.
650 0 $aGeography$vProblems, exercises, etc.
650 7 $aGeography.$2fast$0(OCoLC)fst00940469
655 7 $aProblems and exercises.$2fast$0(OCoLC)fst01423783
700 1 $aBelfield, John.
700 1 $aGobourn, Emma.
029 1 $aUKBCI$b014415631
029 1 $aUKBNS$b014415631
029 1 $aUKDON$b0340886749
029 1 $aUKPMH$b014415631
029 1 $aUKSCO$b014415631
029 1 $aUKSGC$b014415631
029 1 $aUKSOM$b014415631
029 1 $aUNITY$b014415631
029 1 $aUKMGB$b013169994
994 $aZ0$bP4A
948 $hNO HOLDINGS IN P4A - 22 OTHER HOLDINGS